000 01275nam a2200289 i 4500
001 000038620
003 DO-SdBNP
005 20250627092511.0
007 ta
008 250627s1993 dr 000 0 spa d
040 _aDO-SdBNP
_bspa
_cBNPHU
_drda
041 _hsp
082 _aRD863.44
_bC764f
_222
100 1 _aContreras, Hilma,
_eautor
_4aut.
_964953
245 1 0 _aFacetas de la vida :
_bcuentos y minicuentos /
_cHilma Contreras
264 _aSanto Domingo :
_bEditora Taller,
_c1993
300 _a118 páginas. ;
_c21 cm.
336 _ardacontent
_btexto
_2txt
337 _ardamedia
_bsin mediación
_2n
338 _ardacarrier
_bvolumen
_2nc
505 _aJugarreta o revelación 9|La mano maldita 15|Ambición 19|Era un cuento 23|Del sueño a la realidad 27|Un mediodía tórrido de agosto 31|Tarde de playa 35|Un sueño de amor 41|Evasión frustrada 51|Los dos muertos 55|Sin regreso 59|La cicatriz 63|Miedo 67|Tía y sobrino 71|Enajenación 75|Vacas y toros 79|La mujer y el niño 83|Noche de apagón 97|Cuando las coronas caminan 103|Un paro cardíaco deseado 107|Una obra de caridad 111|Al borde del Caos 117
590 _aInventariado, 2025/DG
650 4 _aCuentos dominicanos
650 4 _aLiteratura dominicana
910 _aDG
942 _2ddc
_cLBS1
999 _c59387
_d59387